书目信息 |
| 题名: |
环境影响评价技术导则与标准
|
|
| 作者: | ;国家环境保护总局环境工程评估中心 编 | |
| 分册: | ||
| 出版信息: | 北京 中国环境科学出版社 2005.02 |
|
| 页数: | 181页 | |
| 开本: | 20cm | |
| 丛书名: | ||
| 单 册: | ||
| 中图分类: | X820.3 | |
| 科图分类: | ||
| 主题词: | 环境质量--分析(化学) , 环境质量--评价 | |
| 电子资源: | ||
| ISBN: | 7-80209-064-4 | |
| 000 | 00794nam0 2200205 450 | |
| 001 | 0556713962 | |
| 005 | 20071015100138.66 | |
| 010 | @a7-80209-064-4@dCNY 50.00 | |
| 100 | @a20050531d2005 km y0chiy0120 ea | |
| 101 | 0 | @achi |
| 102 | @aCN@b110000 | |
| 200 | 1 | @a环境影响评价技术导则与标准@Ahuan jing ying xiang ping jia ji shu dao ze yu biao zhun@f国家环境保护总局环境工程评估中心编@Fguo jia huan jing bao hu zong ju huan jing gong cheng ping gu zhong xin bian |
| 210 | @a北京@c中国环境科学出版社@d2005.02 | |
| 215 | @a181页@d20cm | |
| 606 | 0 | @a环境质量@x分析(化学) |
| 606 | 0 | @a环境质量@x评价 |
| 690 | @aX820.3@v4 | |
| 711 | 0 | @a国家环境保护总局环境工程评估中心@Aguo jia huan jing bao hu zong ju huan jing gong cheng ping gu zhong xin@4编 |
| 801 | 0 | @aCN@c20071015 |
| 905 | @dX820.3@eG8992 | |
| 环境影响评价技术导则与标准/国家环境保护总局环境工程评估中心编.-北京:中国环境科学出版社,2005.02 |
| 181页;20cm |
| ISBN 7-80209-064-4:CNY 50.00 |
| ● |
| 相关链接 |
|
|
|
正题名:环境影响评价技术导则与标准
索取号:X820.3/G8992
 
预约/预借
| 序号 | 登录号 | 条形码 | 馆藏地/架位号 | 状态 | 备注 |
| 1 | 533859 | 205338598 | 自科二线504/504自科库 43排4列3层/ [索取号:X820.3/G8992] | 在馆 | |
| 2 | 533860 | 205338605 | 自科二线504/110考试书库 10排1列2层/ [索取号:X820.3/G8992] | 在馆 | |
| 3 | 533861 | 205338614 | 自科二线504/504自科库 33排1列5层/ [索取号:X820.3/G8992] | 在馆 | |
| 4 | 533862 | 205338623 | 自科二线504/504自科库 33排1列5层/ [索取号:X820.3/G8992] | 在馆 | |
| 5 | 533863 | 205338632 | 自科库501/501自科库 112排2列4层/ [索取号:X820.3/G8992] | 在馆 | |
| 6 | 650421 | 206504219 | 自科库501/501自科库 113排1列3层/ [索取号:X820.3/G8992] | 在馆 |